Регионална библиотека "Любен Каравелов" - Русе

Математически трикове (Запис номер 429158)

MARC детайли
000 -Лидер
Контролно поле с фиксирана дължина nam a22 a 4500
003 - Код на организацията, давaща контролен номер
Контролно поле BLK
005 - Дата и час на последна редакция
Контролно поле 20211019145013.0
008 - Елементи от данни с фиксирана дължина
fixed length control field 211019b bul|||||r ||||||| ||bul||
020 ## - Международен стандартен номер на книга ISBN
Международен стандартен номер на книга ISBN 9789547913011
040 ## - Източник на каталожния запис
Идентификатор на билиотеката - собственик на записа BLK
041 ## - Код за език
Код за езика на текст/звукозапис или на отделно заглавие Български
Код за езика КДБФ Български
080 ## - УДК
Текстов определител УДК Математика - учебници за основни училища
УДК код - определител по УДК 373.3.016:51
УДК определител (076)(075.2)
УДК - код + определител 373.3.016:51(076)(075.2)
100 ## - Редна дума - Автор
R(LIN) 1299
Автор Илиева, Сара Красимирова
Авторска отговорност първи автор
139 ## - Редно поле
Редна дума Илиева, Сара Красимирова
Авторски знак Илие - И 52
245 ## - Сведения за заглавието
Заглавие Математически трикове
Подзаглавни данни Как да решаваме задачите бързо и хитро : [Учебно помагало] : Ниво 1 - 2
Редно поле (дума) Сара Илиева
Том Ниво 1
260 ## - Област на издателските данни
9 (RLIN) 210191
Място на издаване, разпространение и проч. София
Име на издателя, разпространителя и проч. Даниела Убенова
Година на издаване 2020
Издателство - префикс ISBN 978-954-791- ; 954-8155-
300 ## - Физическа характеристика
Страници 160 с. : с ил. табл., черт.
Размери/Мащаб 24 см
380 ## - Жанр
Жанр Обществени науки
650 #0 - Допълнително описание по предмет – тема
9 (RLIN) 461124
Основно описание – тема или топоним Математика - учебни помагала за основни училища
653 #0 - Ключова дума – ненормативна
9 (RLIN) 402946
Ключова дума математически задачи
760 ## - Описание на основната серия
Редна дума на основното описание Илиева, Сара Красимирова
Място на издаване, издател и година София, 2020
Страници - том 160 с. : с ил. табл., черт.
Част - том Ниво 1
852 ## - Местоположение
Фондова буква Детски отдел
Систематично-азбучна сигнатура 373.3.016:51/И 52 С
999 ## - СИСТЕМНИ КОНТРОЛНИ НОМЕРА
Koha biblionumber 429158
Koha biblioitemnumber 429158
942 ## - АРТИКУЛИ
Вид на библиотечния материал Книги
Скрит в OPAC Не
Периодичен библиозапис Да
944 ## - СЪЗДАВАНЕ И РЕДАКЦИЯ на ЗАПИСА
Създаване/Редакция Създаване
Дата на регистрацията/редакция 2021-10-19
Служител, извършил регистрацията/редакцията ГГГ
999 ## - СИСТЕМНИ КОНТРОЛНИ НОМЕРА
Koha biblioitemnumber 429158
Наличности
Код за отписване Код за изгубен артикул Източник на класификационната схема Код за повреда Коз за рестрикции Код за отдаване Артикулен № Име на библиотеката - собственик Име на библиотеката, в която се намира в момента Статус (Текущо местоположение) Дата на вписване в системата Местоположение - отдел Цена в лева Систематично азбучна сигнатура Баркод Цена в евро Служебен тип на артикула
  Не е изгубен Universal Decimal Classification Не е повреден без рестрикции заемане за дома 858198 Регионална библиотека "Любен Каравелов" Русе Регионална библиотека "Любен Каравелов" Русе Детски отдел 2021-10-21 Детски отдел 9.60 373.3.016:51/И 52 С 120000860765 4.91 Книги
Vip Innovations Ltd, Rousse, Bulgaria 2025